[Event "Hessen-chB"]
[Site "Frankfurt"]
[Date "2019.05.30"]
[Round "2"]
[White "Adamczyk, Matthias"]
[Black "Shehab, Tarek"]
[Result "1-0"]
[WhiteElo "1949"]
[BlackElo "1585"]
[PlyCount "123"]
[EventDate "2019.05.30"]
[EventType "swiss"]
[EventRounds "7"]
[EventCountry "GER"]
[SourceTitle "EXT 2020"]
[Source "ChessBase"]
[SourceDate "2019.10.17"]
[SourceVersion "1"]
[SourceVersionDate "2019.10.17"]
[SourceQuality "1"]

1. d4 Nf6 2. c4 e6 3. Nc3 d5 4. Nf3 Be7 5. Bf4 0-0 6. e3 c6 7. Bd3 dxc4 8. Bxc4 Nbd7 9. 0-0 Nb6 10. Bd3 Bd6 11. Bg5 Be7 12. e4 Nbd7 13. Qe2 Re8 14. e5 Nd5 15. Qe4 Nf8 16. Qg4 Bd7 17. Ne4 f5 18. exf6 Nxf6 19. Bxf6 Bxf6 20. Nc5 e5 21. Bc4+ Kh8 22. Qg3 exd4 23. Nxb7 Qb8 24. Nd6 Re7 25. b3 Be6 26. Rad1 Bxc4 27. Nxc4 Qxg3 28. hxg3 Rd8 29. Rd3 Rd5 30. b4 Ne6 31. a4 Kg8 32. Rfd1 Rb7 33. Rb1 Nc5 34. Ra3 Ne6 35. Nfd2 Kf7 36. Kf1 Rd8 37. b5 cxb5 38. axb5 Nc7 39. Ra5 Kg6 40. Rb3 Ne6 41. Rb1 Nc7 42. Ne4 Nd5 43. Ra3 Be7 44. Rd3 Nf6 45. f3 Kf5 46. Ncd2 Rd5 47. g4+ Kg6 48. Rdb3 Bc5 49. Rc1 Bb6 50. Rc6 Rc7 51. Nxf6 gxf6 52. Rxc7 Bxc7 53. Ke2 Rd6 54. Kd3 Bb6 55. Nc4 Re6 56. Nxb6 Re3+ 57. Kc4 Rxb3 58. Kxb3 axb6 59. Kc4 Kf7 60. Kxd4 Ke7 61. Kd5 Kd7 62. f4 1-0